000 01029cab a22002055a 4500
001 L152890
008 110511s2011 xxk f s 000 0 eng d
035 _a(Sirsi) u152890
041 0 _aeng
100 1 _aEllison, Simon
245 0 4 _aThe whole is more than the sum of its parts
260 _c2011
490 0 _aBuilding Engineer
_v86(5) May 2011, 20-21(2)
520 _aFire glass is one of the most complex fire safety products on the market, bringing with it stringent testing parameters; best practice is to manage fire glass as a system specification and it must be tested as a complete system; why it is not sufficient to view fire glazing as a single product; examines the dangers of specifying materials independently; British Standards used in the UK until 2013; European (EN) Standards that will be used from 2013.
590 _aKA
651 4 _aEngland and Wales
_y1543-
690 _aBUILT ENVIRONMENT-BUILDING STANDARDS-FIRE REGULATIONS
690 _aMANAGEMENT-HEALTH AND SAFETY-FIRE SAFETY
942 _n0
999 _c83138
_d83138